60 minutes. Gold in them thar schools [Edison Project] /

The Edison Project is the conservative answer to failing public education. Chris Whittle, the founder of Edison Schools, believes he use tax dollars to better public education and even turn a profit. Morley Safer reports.

Bibliographic Details
Other Authors: Curran, Deirdre Naphin (Producer), Safer, Morley (Reporter)
Format: Video
Language:English
Language Notes:In English.
Published: New York, NY : Columbia Broadcasting System, 2001.
Subjects:
Online Access:Connect to this streaming video (Alexander Street Press)

MARC

Tag First Indicator Second Indicator Subfields
LEADER 00000cgm a22000003a 4500
001 in00003748821
006 m|||||o||c||||||||
007 cr |n||||||||a
007 vz |za|z|
008 150223s2001 nyu013 e |o vleng d
005 20260324203332.5
035 |a (OCoLC)904558684 
035 |a ASP2774827/cbsv 
040 |a VaAlASP  |c VaAlASP  |d UtOrBLW 
050 4 |a DK295  |b .M568 2001 
245 0 0 |a 60 minutes.  |p Gold in them thar schools [Edison Project] /  |c produced by Deirdre Naphin. 
246 1 0 |a Gold in them thar schools 
246 1 3 |a Sixty minutes.  |p Gold in them thar schools 
264 1 |a New York, NY :  |b Columbia Broadcasting System,  |c 2001. 
300 |a 1 online resource (13 min.) 
306 |a 001327 
336 |a two-dimensional moving image  |b tdi  |2 rdacontent 
337 |a computer  |b c  |2 rdamedia 
337 |a video  |b v  |2 rdamedia 
338 |a online resource  |b cr  |2 rdacarrier 
338 |a other  |b vz  |2 rdacarrier 
500 |a Title from resource description page (viewed Feb. 23, 2015). 
520 |a The Edison Project is the conservative answer to failing public education. Chris Whittle, the founder of Edison Schools, believes he use tax dollars to better public education and even turn a profit. Morley Safer reports. 
546 |a In English. 
500 |a Electronic resource. 
610 2 0 |a Edison Schools Inc.  |0 http://id.loc.gov/authorities/names/no2003014787 
650 0 |a Privatization in education  |z United States.  |0 http://id.loc.gov/authorities/subjects/sh2010108453 
651 7 |a United States.  |0 (OCoLC)1204155  |2 fast 
651 7 |a France  |z Paris.  |0 (OCoLC)1205283  |2 fast 
655 7 |a Internet videos.  |2 lcgft  |0 http://id.loc.gov/authorities/genreForms/gf2011026337 
655 7 |a Television news programs.  |2 lcgft  |0 http://id.loc.gov/authorities/genreForms/gf2011026667 
700 1 |a Curran, Deirdre Naphin,  |e producer. 
700 1 |a Safer, Morley,  |e reporter.  |0 http://id.loc.gov/authorities/names/n81036623 
700 1 |a Whittle, Chris,  |e interviewee.  |0 http://id.loc.gov/authorities/names/n95045784 
710 2 |a CBS News,  |e production company.  |0 http://id.loc.gov/authorities/names/n82221065 
856 4 0 |u http://proxy.library.tamu.edu/login?url=https://www.aspresolver.com/aspresolver.asp?CBSV;2774827  |z Connect to this streaming video (Alexander Street Press)  |t 0 
999 f f |s 1ad4ff32-aafc-36f1-9b5f-f685de407266  |i 755417e4-fa59-3918-9cf6-4df5eb33fc6a  |t 0 
952 f f |a Texas A&M University  |b College Station  |c Electronic Resources  |s www_evans  |d Available Online  |t 0  |e DK295 .M568 2001  |h Library of Congress classification 
998 f f |a DK295 .M568 2001  |t 0  |l Available Online